| 000 | 00630nam a2200205 i 4500 | ||
|---|---|---|---|
| 001 | 21289 | ||
| 003 | ES-MaACL | ||
| 005 | 20230906152443.0 | ||
| 007 | t| | ||
| 008 | 021122s1912 xxk ||||1| eng d | ||
| 100 | 1 |
_aAdams, John. _918393 |
|
| 245 | 1 | 4 |
_aThe evolution of educational theory / _cby John Adams. |
| 260 |
_aLondon : _bMac Millan and Cº, _c[1912] ( _eGlasgow : _fRobert Maclehose) |
||
| 300 |
_aVII, 410 p. ; _c22 cm. |
||
| 490 | 1 | _aThe schools of philosophy | |
| 650 | 0 | 4 |
_aEducación- _xFilosofía. _912079 |
| 830 | 1 |
_aThe schools of philosophy _9228950 |
|
| 852 |
_aES-MaACL _jF-6601 |
||
| 999 |
_c21289 _d21289 |
||